| 000 | 00966nmc a2200337 a 4500 | ||
|---|---|---|---|
| 003 | AR-BaBNM | ||
| 005 | 20251128210627.0 | ||
| 008 | 310020s1997 ||||||||||||||000 | spa|| | ||
| 020 | _a84-7432-615-X | ||
| 040 | _cAR-BaBNM | ||
| 100 | 1 | _aKohlberg, Lawrence | |
| 245 | 1 | 0 | _aLa educación moral según Lawrence Kohlberg |
| 250 | _a1ª ed. | ||
| 260 |
_aBarcelona _bGedisa _c1997 |
||
| 300 | 0 |
_a355 p. _bgráfs. |
|
| 490 | 0 | _aDebate socioeducativo | |
| 500 | 0 | _aContiene referencias bibliográficas e índice temático | |
| 650 | 4 | _aEDUCACION MORAL | |
| 650 | 4 | _aDEMOCRATIZACION DE LA EDUCACION | |
| 650 | 4 | _aPARTICIPACION DE LA COMUNIDAD | |
| 650 | 4 | _aESTUDIOS DE CASOS | |
| 653 | 0 | _aCOMUNIDAD EDUCATIVA | |
| 653 | 0 | _aEXPERIENCIAS EDUCATIVAS | |
| 653 | 0 | _aEDUCACION SECUNDARIA | |
| 653 | 0 | _aEDUCACION EN VALORES | |
| 700 | 1 | _aPower, F. Clark | |
| 700 | 1 | _aHiggins, Ann | |
| 800 | 1 | _aTedesco, Juan Carlos | |
| 942 | _cBK | ||
| 998 | _cRAQUEL | ||
| 999 |
_c16241 _d16241 |
||